000 01318naaaa22003491i 4500
003 EG-GICUC
005 20260513122534.0
008 260513b2017 ua a|||jr|||| 001 0 eng d
017 _a17030 / 2014
_bدار الكتب والوثائق القومية (مصر)
020 _a9789777188258
040 _aEG-GiCUC
_bara
_cEG-GiCUC
_dEG-GiCUC
_erda
041 _aara
_heng
082 0 4 _221
_a303.482
_bR2125
092 0 4 _221
_a303.482
_bR2125
099 _a303.482 R2125
100 1 _aراي، لاري
_eمؤلف.
240 1 _aGlobalization and everyday life
_leng
245 1 2 _a العولمة والحياة اليومية /
_c لاري راي
264 _aالمركز القومي للترجمة:
_bالقاهرة.
_c2017.
300 _a326صفحة
_bإيضاحيات؛
_c24 سم
336 _2rdacontent
_atext
337 _2rdamedia
_aUnmediated
338 _2rdacarrier
_avolume
500 _aهذا الكتاب ترجمة ل Globalization and everyday life
504 _a305-322ببليوجرافيا: صفحات.
541 _aوزارة الثقافة ؛
_bالقاهرة ؛
_cإهداء ؛
_d2023.
650 1 0 _aالعولمة
_vالفلسفة
650 1 0 _aعلم الاجتماع
_vالفلسفة
700 1 _aالشرف خاطر
_eمترجم.
905 _aSamah
942 _2ddc
_cBK
_e21
_n0
999 _c180126
_d180126